KOHA-Header-6

The Ultimate Question: Driving Good Profits and True Growth (Record no. 14071)

000 -LEADER
fixed length control field 00321nam a22001217a 4500
020 ## - INTERNATIONAL STANDARD BOOK NUMBER
ISBN 1591397839
082 ## - DEWEY DECIMAL CLASSIFICATION NUMBER
Classification number 658.15
100 ## - MAIN ENTRY--AUTHOR NAME
Personal name Frederick F. Reichheld
245 ## - TITLE STATEMENT
Title The Ultimate Question: Driving Good Profits and True Growth
260 ## - PUBLICATION, DISTRIBUTION, ETC. (IMPRINT)
Place of publication UK
Name of publisher Harvard Business School Press
Year of publication 2006
300 ## - PHYSICAL DESCRIPTION
Number of Pages 224 pages
942 ## - ADDED ENTRY ELEMENTS (KOHA)
Koha item type Books
Holdings
Withdrawn status Lost status Collection code Permanent Location Current Location Shelving location Date acquired Full call number Accession Number Koha item type
    Business MAJU MAJU Shelf No.A-1 2025-09-05 658.15 11146 Books

Powered by Koha